| 000 | 00644nam a2200169 a 4500 | ||
|---|---|---|---|
| 001 | 000049199 | ||
| 005 | 20201002061729.0 | ||
| 008 | 190726s2006 dr 000 0 spa d | ||
| 040 |
_aDO-SdBNP _bspa _cBNPHU |
||
| 082 |
_axx _bxx |
||
| 245 | 0 | 0 |
_aPapá, no seas pirata : _b¡Yo quiero se autor, guía educativa derechos de autor. |
| 250 | _a2a. ed. | ||
| 260 |
_aSanto Domingo, República Dominicana : _bOficina Nacional de de Derecho de Autor (ONDA), _c2006. |
||
| 300 |
_a145 p. ; _c19 cm. |
||
| 590 | _aInventariado, 2019/VM | ||
| 710 | 2 |
_aOficina Nacional de de Derecho de Autor _bSecretaría de Estado de Cultura (República Dominicana) _976511 |
|
| 999 |
_c48687 _d48687 |
||